1685 1660 1849 1753 1105 1451 1534 1223 1369 1512 1748 1021 1797 1752 1307 1057 1348 1725 1038 1201 1976 1304 1385 1054 1591 1685 1792 1774 1206 1267 1146 1506 1041 1693 1708 1224 1547 1194 1056 1687 1816 1987 1077 1195 1285 1797 1787 1927 1534 1909 1513 1925 1661 1992 1367 1365 1048 1789 1111 1409 1447 1828 1509 1061 1372 1283 1103 1944 1326 1482 1613 1875 1198 1787 1648 1706 1401 1328 1286 1952 1361 1543 1443 1228 1421 1462 1557 1695 1001 1064 1677 1745 1303 1987 1464 1247 1173 1288 1277 BCNSPRNW ULIB Ver.6.0+V

เปลี่ยนเป็นภาษาไทย

Change to English
 แสดงรายละเอียดบรรณานุกรม
  กลับหน้าหลัก

Brief Record : Get Marc (ISO 2709) : E-mail record : QR code < ปิดหน้าต่าง
LEADER : 00000nam 2200000uu 4500
001    13399114694
003     ULIB
008    020711s2553 th a 000 0 tha d
099    ^aวจ.WD210^bม154ก
100    ^aมนทรัตม์ ถาวรเจริญทรัพย์
245    การศึกษาผลกระทบในเชิงเศรษฐศาสตร์และคุณภาพชีวิตจากโรคอ้วนในประเทศไทย /^cมนทรัตม์ ถาวรเจริญทรัพย์ และคณะ
260    ^aนนทบุรี :^bโครงการประเมินเทคโนโลยีและนโยบายด้านสุขภาพ ,^c2555
300    ^a124 หน้า
650  7 โรคอ้วน^xคุณภาพชีวิต^xวิจัย
700 0  เนติ สุขสมบูรณ์
700 0  ไพบูลย์ พิทยาเธียรอนันต์
700 0  จอมขวัญ โยธาสมุทธ
700 0  วิชัย เอกพลากร
700 0  ยศ ตีระวัฒนานนท์
710 1  กระทรวงสาธารณสุข. ^bกรมอนามัย.^bโครงการประเมินเทคโนโลยีและนโยบายด้านสุขภาพ.
945    ^p0^l0^i031709
995    ทศพร
999 ^a ทศพร
รายการนี้ยังไม่มีแท็ก
คุณยังไม่ได้ล็อกอิน คุณสามารถมีกิจกรรมร่วมกับเว็บไซต์ได้ แต่ต้องล็อกอินก่อน ::
  ล็อกอิน

รายการสื่อสารสนเทศ

ลำดับที่ ประเภท เลขเรียก/บาร์โค้ด สถานที่ สถานะ
1. งานวิจัย
งานวิจัย
วจ.WD210 ม154ก  
  Barcode: 031709
ห้องสมุดวิทยาเขตสวรรค์ประชารักษ์
►วิจัย
บนชั้น

รายการใกล้เคียง
    ผู้แต่ง [มนทรัตม์ ถาวรเจริญทรัพย์]

BibComment


ยังไม่เคยถูกคอมเมนท์

คอมเมนท์ทรัพยากรรายการนี้
  คอมเมนท์: การศึกษาผลกระทบใน..


 Copyright 2026. Bcnsprnw @Library